Central Library OPAC University of Rajshahi
Normal view MARC view

Entry Topical Term

Number of records used in: 3

001 - CONTROL NUMBER

  • control field: 9663

003 - CONTROL NUMBER IDENTIFIER

  • control field: BD-RjUL

005 - DATE AND TIME OF LATEST TRANSACTION

  • control field: 20231018123710.0

008 - FIXED-LENGTH DATA ELEMENTS

  • fixed length control field: 231018|| aca||aabn | a|a d

040 ## - CATALOGING SOURCE

  • Original cataloging agency: BD-RjUL
  • Transcribing agency: BD-RjUL

150 ## - HEADING--TOPICAL TERM

  • Topical term or geographic name entry element: Television
  • General subdivision: Production and direction

670 ## - SOURCE DATA FOUND

  • Source citation: Work cat.: (BD-RjUL)82153: Weston, Judith, 1946- author. 9662, Directing actors :